| 000 | 00000cam 2200000zi 4500 |
| 001 | 9.921026 |
| 003 | CaOODSP |
| 005 | 20260121154454 |
| 006 | m o d f |
| 007 | cr ||||||||||| |
| 008 | 230316t20252025onca obf f000 0 fre d |
| 020 | |a9780660480619 |
| 040 | |aCaOODSP|bfre|erda|cCaOODSP |
| 043 | |an-cn--- |
| 086 | 1 |aPS64-139/2025F-PDF |
| 245 | 00|aGuide de l’enquêteur sur les Services nationaux de laboratoire judiciaire. |
| 264 | 1|a[Ottawa] : |bGendarmerie royale du Canada = Royal Canadian Mounted Police, |c[2025] |
| 264 | 4|c©2025 |
| 300 | |a1 ressource en ligne (66 pages) : |billustrations |
| 336 | |atexte|btxt|2rdacontent/fre |
| 337 | |ainformatique|bc|2rdamedia/fre |
| 338 | |aressource en ligne|bcr|2rdacarrier/fre |
| 500 | |aTitre de la couverture. |
| 500 | |aPublié aussi en anglais sous le titre : Investigator's guide to National Forensic Laboratory Services. |
| 504 | |aComprend des références bibliographiques. |
| 520 | |a« Le présent guide vise à aider les enquêteurs de police qui doivent recueillir et conserver des preuves matérielles et les transmettre aux Services nationaux de laboratoire judiciaire de la GRC, qui fonctionnent comme un système de laboratoires publics unique comptant trois points de service au pays. En plus d’offrir des renseignements généraux aux enquêteurs, ce guide fournit des exemples de types courants de pièces à conviction transmises aux différents secteurs des SNLJ : biologie (ADN), toxicologie, analyse de traces, contrefaçon et armes à feu. Il peut y avoir d’autres types d’éléments de preuve qui ne sont pas mentionnés ici » -- Au sujet de ce guide, page 7. |
| 650 | 6|aCriminalistique|xLaboratoires|zCanada|vGuides, manuels, etc. |
| 650 | 6|aPreuve (Droit pénal)|zCanada. |
| 655 | 7|aGuides et manuels|2rvmgf |
| 710 | 2 |aGendarmerie royale du Canada, |eorganisme de publication. |
| 775 | 08|tInvestigator's guide to National Forensic Laboratory Services.|w(CaOODSP)9.921025 |
| 795 | |tGuide de l’enquêteur sur les Services nationaux de laboratoire judiciaire : |w(CaOODSP)9.867532 |
| 856 | 40|qPDF|s4.92 Mo|uhttps://publications.gc.ca/collections/collection_2026/grc-rcmp/PS64-139-2025-fra.pdf |
| 856 | 4 |qHTML|sS.O.|uhttps://grc.ca/fr/renseignements-organisationnels/publications-et-guides/guide-lenqueteur-sur-services-nationaux-laboratoire |